• 首页
  • 本馆介绍
  • 公告通知
  • 最新文献
  • 馆藏检索
  • 电子资源
  • 读者导购
  • 参考咨询
  • 我的图书馆
  • 登录
  • 详细信息显示
  • 放入我的书架
  • 预约/预借图书
  • 作者相关作品
  • 分类相关作品
  • 丛书相关作品
  • 出版社相关作品

书目信息

  • 表格格式
  • 工作单格式
  • 卡片格式
题名:
观赏花卉良种繁育技术
    
 
作者: 桂敏 , 王继华 主编
分册:  
出版信息: 北京   化学工业出版社  2010
页数: 285页
开本: 21cm
丛书名:
单 册:
中图分类: S680.38
科图分类:
主题词: 花卉--良种繁育 , 花卉 , 良种繁育
电子资源:
ISBN: 978-7-122-06697-8
000 00912nam0 2200265 45
001 1130246422
005 20110309141133.95
010    @a978-7-122-06697-8@dCNY26.00
100    @a20110123d2010 em y0chiy50 ea
101 0  @achi
102    @aCN@b110000
105    @aa z 000yy
106    @ar
200 1  @a观赏花卉良种繁育技术@AGuan Shang Hua Hui Liang Zhong Fan Yu Ji Shu@f桂敏,王继华主编@FGui Min, Wang Ji Hua Zhu Bian
210    @a北京@c化学工业出版社@d2010
215    @a285页@c彩照@d21cm
330    @a本书阐述了观赏花卉良种繁育理论与品种退化的原因及防止退化的方法和措施。涵盖了观赏花卉种子、种苗和种球的繁育技术与方法、产品质量标准、检验技术与方法等。
606 0  @a花卉@x良种繁育
606 0  @a花卉
606 0  @a良种繁育
690    @aS680.38@v4
701  0 @a桂敏@AGui Min@4主编
701  0 @a王继华@AWang Ji Hua@4主编
801  0 @aCN@bTANGWEI@c20110309
905    @b0530922-26@dS680.38@e207@f5
    
    观赏花卉良种繁育技术/桂敏,王继华主编.-北京:化学工业出版社,2010
    285页:彩照;21cm
    
    
    ISBN 978-7-122-06697-8:CNY26.00
    本书阐述了观赏花卉良种繁育理论与品种退化的原因及防止退化的方法和措施。涵盖了观赏花卉种子、种苗和种球的繁育技术与方法、产品质量标准、检验技术与方法等。
●
相关链接 在E读中查询图书 在五车中查询图书 在当当中查询图书 在豆瓣中查询图书


正题名:观赏花卉良种繁育技术     索取号:S680.38/207         预约/预借

序号 登录号 条形码 馆藏地/架位号 状态 备注
1 0530922   205309227   第二样本阅览室/ [索取号:S680.38/207] 在馆    
2 0530923   205309236   密集书库-生命科学系/ [索取号:S680.38/207] 在馆    
3 0530924   205309245   第三借阅区/ [索取号:S680.38/207] 在馆    
4 0530925   205309254   第三借阅区/ [索取号:S680.38/207] 在馆    
5 0530926   205309263   第三借阅区/ [索取号:S680.38/207] 在馆    
唐山师范学院图书馆 欢迎您!
大连网信软件有限公司© 版权所有